000 01632nam0a2200361 4500
001 RU\NLR\BIBL_A\022659834
005 20260503065034.0
010 _a978-5-94396-319-3
_9300
021 _aRU
_bКН-П-25-057532
_9КН-П-25-5540
035 _a(NLR Aleph) 022659834
090 _a13700500
_c13700500
100 _a20251106d2025 k y0rusy50 ca
101 1 _arus
_ceng
102 _aRU
105 _aa z 000zy
181 0 _ai3
_baxxe
182 0 _an
200 1 _aАлхимия и культура
_e(сборник)
_fперевод с английского А. С. Никулина
_gпослесловие: В. В. Винокуров
_gред. Б. К. Двинянинова
203 _aТекст
_bвизуальный
_cнепосредственный
210 _aСанкт-Петербург
_cАкадемия исследований культуры
_d2025
215 _a234 с.
_cил.
_d17
225 1 _aLibrarium Aureum
_iOpus Minus
320 _aБиблиогр.: с. 234 и в подстроч. примеч.
606 1 _aЭзотерические учения и культура
_jСборники
_92581835
_3RU\NLR\AUTH\6601736788
606 1 _aАлхимия
_jСборники
_9937580
_3RU\NLR\AUTH\6627704
686 1 _aЭ391-117.3
702 1 _4075
_7ca
_8rus
_aВинокуров
_bВ. В.
_cканд. филос. наук
_gВладимир Васильевич
_988664
_3RU\NLR\AUTH\77105739
702 1 _aДвинянинов
_bБ. К.
_gБорис Кириллович
_4340
942 _cBOOK
980 _aNB